[Event "DVM U14 2016"]
[Site "Düsseldorf GER"]
[Date "2016.12.29"]
[Round "5"]
[White "Suvorov, Alexander"]
[Black "Engel, Luis"]
[Result "0-1"]
[Termination "normal"]
[Board "1.1"]
[WhiteElo "2149"]
[BlackElo "2371"]
[WhiteClock "00:21:23"]
[BlackClock "00:46:01"]
[WhiteTeam "SG Porz"]
[BlackTeam "Hamburger SK"]
[PlyCount "99"]
[WhiteFideId "12977063"]
[BlackFideId "12961523"]
[EventCountry "GER"]
[EventRounds "7"]
[EventType "team-swiss"]
[EventDate "2016.12.26"]

1. d4 {[%clk 1:30:58]} Nf6 {[%clk 1:30:53]} 2. c4 {[%clk 1:31:22]} g6 {[%clk
1:31:17]} 3. Nc3 {[%clk 1:31:47]} d5 {[%clk 1:31:37]} 4. cxd5 {[%clk 1:32:05]}
Nxd5 {[%clk 1:31:59]} 5. Bd2 {[%clk 1:32:22]} Bg7 {[%clk 1:32:21]} 6. e4 {[%clk
1:32:44]} Nxc3 {[%clk 1:32:46]} 7. Bxc3 {[%clk 1:33:07]} O-O {[%clk 1:33:08]}
8. Qd2 {[%clk 1:32:28]} c5 {[%clk 1:31:59]} 9. d5 {[%clk 1:32:40]} e6 {[%clk
1:29:05]} 10. Bc4 {[%clk 1:31:10]} Bxc3 {[%clk 1:29:08]} 11. bxc3 {[%clk
1:31:10]} exd5 {[%clk 1:28:52]} 12. Bxd5 {[%clk 1:31:18]} Nc6 {[%clk 1:28:09]}
13. Nf3 {[%clk 1:29:12]} Be6 {[%clk 1:21:10]} 14. Bxe6 {[%clk 1:21:02]} Qxd2+
{[%clk 1:19:09]} 15. Kxd2 {[%clk 1:20:22]} fxe6 {[%clk 1:19:31]} 16. Ke3 {[%clk
1:20:27]} Rad8 {[%clk 1:14:49]} 17. Rad1 {[%clk 1:19:06]} h6 {[%clk 1:13:06]}
18. h3 {[%clk 1:13:22]} Kf7 {[%clk 1:11:10]} 19. Rxd8 {[%clk 0:59:25]} Rxd8
{[%clk 1:11:20]} 20. Nd2 {[%clk 0:53:04]} b5 {[%clk 1:03:27]} 21. f4 {[%clk
0:41:34]} c4 {[%clk 0:59:26]} 22. Ke2 {[%clk 0:37:10]} Rd3 {[%clk 0:58:26]} 23.
Rc1 {[%clk 0:34:51]} e5 {[%clk 0:53:07]} 24. fxe5 {[%clk 0:27:41]} Nxe5 {[%clk
0:52:19]} 25. a4 {[%clk 0:23:27]} Rg3 {[%clk 0:42:37]} 26. Kf2 {[%clk 0:17:06]}
Nd3+ {[%clk 0:42:34]} 27. Kxg3 {[%clk 0:17:26]} Nxc1 {[%clk 0:42:57]} 28. axb5
{[%clk 0:17:21]} Ne2+ {[%clk 0:43:20]} 29. Kf3 {[%clk 0:17:38]} Nxc3 {[%clk
0:43:41]} 30. Nxc4 {[%clk 0:14:56]} Nxb5 {[%clk 0:44:03]} 31. e5 {[%clk
0:14:49]} Ke6 {[%clk 0:42:00]} 32. Ke4 {[%clk 0:14:17]} Nc3+ {[%clk 0:39:34]}
33. Kd4 {[%clk 0:13:43]} Ne2+ {[%clk 0:39:46]} 34. Ke4 {[%clk 0:13:45]} Nc3+
{[%clk 0:37:05]} 35. Kd4 {[%clk 0:14:07]} Nd5 {[%clk 0:37:12]} 36. g3 {[%clk
0:12:55]} Ne7 {[%clk 0:37:12]} 37. g4 {[%clk 0:10:03]} Nc6+ {[%clk 0:37:09]}
38. Ke4 {[%clk 0:10:14]} g5 {[%clk 0:32:58]} 39. Nd6 {[%clk 0:07:13]} Nxe5
{[%clk 0:33:01]} 40. Nf5 {[%clk 0:06:44]} Nf7 {[%clk 0:31:10]} 41. Nd4+ {[%clk
0:06:01]} Kf6 {[%clk 0:30:37]} 42. Nf3 {[%clk 0:02:36]} Nh8 {[%clk 0:18:00]}
43. h4 {[%clk 0:01:48]} Nf7 {[%clk 0:15:01]} 44. Kd5 {[%clk 0:29:39]} gxh4
{[%clk 0:44:38]} 45. Nxh4 {[%clk 0:29:28]} Kg5 {[%clk 0:44:42]} 46. Nf5 {[%clk
0:25:18]} Kxg4 {[%clk 0:44:54]} 47. Nxh6+ {[%clk 0:21:48]} Nxh6 {[%clk
0:45:16]} 48. Kc6 {[%clk 0:20:55]} Nf7 {[%clk 0:45:38]} 49. Kb5 {[%clk
0:21:14]} Nd6+ {[%clk 0:46:01]} 50. Ka6 {[%clk 0:21:23]} 0-1

[Event "DVM U14 2016"]
[Site "Düsseldorf GER"]
[Date "2016.12.29"]
[Round "5"]
[White "Holinka, Henning"]
[Black "Suvorov, Luca"]
[Result "1/2-1/2"]
[Termination "normal"]
[Board "1.2"]
[WhiteElo "2034"]
[BlackElo "2039"]
[WhiteClock "00:22:46"]
[BlackClock "00:08:22"]
[WhiteTeam "Hamburger SK"]
[BlackTeam "SG Porz"]
[PlyCount "120"]
[WhiteFideId "12967084"]
[BlackFideId "12977071"]
[EventCountry "GER"]
[EventRounds "7"]
[EventType "team-swiss"]
[EventDate "2016.12.26"]

1. e4 {[%clk 1:30:54]} c6 {[%clk 1:30:56]} 2. d4 {[%clk 1:31:14]} g6 {[%clk
1:31:07]} 3. Nf3 {[%clk 1:24:53]} Bg7 {[%clk 1:31:12]} 4. c4 {[%clk 1:22:22]}
d5 {[%clk 1:28:35]} 5. e5 {[%clk 1:20:04]} Bg4 {[%clk 1:25:03]} 6. h3 {[%clk
1:12:53]} Bxf3 {[%clk 1:24:42]} 7. Qxf3 {[%clk 1:12:11]} e6 {[%clk 1:20:06]} 8.
Nc3 {[%clk 0:57:46]} a6 {[%clk 1:17:39]} 9. Be2 {[%clk 0:50:40]} b5 {[%clk
0:59:32]} 10. c5 {[%clk 0:49:39]} f6 {[%clk 0:51:03]} 11. exf6 {[%clk 0:39:16]}
Qxf6 {[%clk 0:33:22]} 12. Be3 {[%clk 0:35:06]} Qxf3 {[%clk 0:33:24]} 13. Bxf3
{[%clk 0:35:28]} Ne7 {[%clk 0:32:54]} 14. Bg4 {[%clk 0:29:49]} Kf7 {[%clk
0:31:51]} 15. h4 {[%clk 0:29:28]} Nd7 {[%clk 0:28:24]} 16. f4 {[%clk 0:27:36]}
Nf5 {[%clk 0:24:30]} 17. Bxf5 {[%clk 0:27:14]} exf5 {[%clk 0:24:21]} 18. O-O-O
{[%clk 0:22:14]} Rhe8 {[%clk 0:23:37]} 19. Rd3 {[%clk 0:16:36]} Nf6 {[%clk
0:19:28]} 20. Ne2 {[%clk 0:14:38]} Re6 {[%clk 0:18:24]} 21. Rh3 {[%clk
0:14:18]} Rae8 {[%clk 0:18:09]} 22. Rf3 {[%clk 0:14:17]} Ng4 {[%clk 0:16:22]}
23. Kd2 {[%clk 0:14:35]} a5 {[%clk 0:14:43]} 24. g3 {[%clk 0:08:47]} a4 {[%clk
0:12:45]} 25. Rc3 {[%clk 0:06:39]} Bf6 {[%clk 0:05:56]} 26. Rd3 {[%clk
0:05:46]} Nh2 {[%clk 0:05:27]} 27. Rf2 {[%clk 0:06:10]} Ng4 {[%clk 0:05:56]}
28. Rf3 {[%clk 0:06:33]} h5 {[%clk 0:03:30]} 29. Ra3 {[%clk 0:01:00]} Bd8
{[%clk 0:03:34]} 30. Ng1 {[%clk 0:01:12]} Ba5+ {[%clk 0:00:52]} 31. Ke2 {[%clk
0:01:34]} Bb4 {[%clk 0:00:50]} 32. Rd3 {[%clk 0:01:58]} Ba5 {[%clk 0:00:46]}
33. Nh3 {[%clk 0:01:36]} Kf6 {[%clk 0:00:59]} 34. Nf2 {[%clk 0:00:48]} Nh2
{[%clk 0:00:53]} 35. Nh3 {[%clk 0:00:41]} Ng4 {[%clk 0:00:38]} 36. Ng5 {[%clk
0:00:50]} R6e7 {[%clk 0:00:52]} 37. Nh3 {[%clk 0:01:08]} Bb4 {[%clk 0:00:42]}
38. Nf2 {[%clk 0:00:37]} Nxf2 {[%clk 0:00:39]} 39. Kxf2 {[%clk 0:00:54]} Re4
{[%clk 0:00:48]} 40. Kg2 {[%clk 0:00:57]} Ba5 {[%clk 0:00:43]} 41. Kf2 {[%clk
0:00:59]} Bc7 {[%clk 0:28:10]} 42. Kf1 {[%clk 0:30:13]} Ba5 {[%clk 0:27:36]}
43. Kf2 {[%clk 0:30:02]} Ke6 {[%clk 0:27:34]} 44. Ke2 {[%clk 0:29:31]} Kd7
{[%clk 0:27:24]} 45. Rf1 {[%clk 0:29:04]} Ra8 {[%clk 0:26:50]} 46. Rc1 {[%clk
0:28:22]} Bd8 {[%clk 0:26:38]} 47. Kf3 {[%clk 0:28:14]} Bf6 {[%clk 0:26:29]}
48. Rcd1 {[%clk 0:26:31]} Rae8 {[%clk 0:26:24]} 49. R1d2 {[%clk 0:26:20]} Kc7
{[%clk 0:25:15]} 50. Rd1 {[%clk 0:26:22]} Kb7 {[%clk 0:23:26]} 51. Rc1 {[%clk
0:25:18]} Ra8 {[%clk 0:17:13]} 52. Rcd1 {[%clk 0:24:21]} Ree8 {[%clk 0:15:30]}
53. Rc1 {[%clk 0:24:23]} Ka6 {[%clk 0:14:24]} 54. Rc2 {[%clk 0:23:44]} Re4
{[%clk 0:12:03]} 55. Re2 {[%clk 0:23:19]} Rae8 {[%clk 0:09:23]} 56. Red2 {[%clk
0:22:49]} Kb7 {[%clk 0:09:28]} 57. Kf2 {[%clk 0:22:10]} Ra8 {[%clk 0:08:33]}
58. Kf3 {[%clk 0:22:20]} Rae8 {[%clk 0:08:33]} 59. Kf2 {[%clk 0:22:41]} R4e7
{[%clk 0:08:02]} 60. Kf3 {[%clk 0:22:46]} Re4 {[%clk 0:08:22]} 1/2-1/2

[Event "DVM U14 2016"]
[Site "Düsseldorf GER"]
[Date "2016.12.29"]
[Round "5"]
[White "Zyla, Lennert"]
[Black "Engel, Robert"]
[Result "1/2-1/2"]
[Termination "normal"]
[Board "1.3"]
[WhiteElo "1813"]
[BlackElo "1812"]
[WhiteClock "00:28:04"]
[BlackClock "00:27:09"]
[WhiteTeam "SG Porz"]
[BlackTeam "Hamburger SK"]
[PlyCount "84"]
[WhiteFideId "12981567"]
[BlackFideId "12974684"]
[EventCountry "GER"]
[EventRounds "7"]
[EventType "team-swiss"]
[EventDate "2016.12.26"]

1. e4 {[%clk 1:30:56]} c5 {[%clk 1:31:00]} 2. Nf3 {[%clk 1:31:17]} d6 {[%clk
1:31:29]} 3. d4 {[%clk 1:31:38]} cxd4 {[%clk 1:31:56]} 4. Qxd4 {[%clk 1:32:00]}
a6 {[%clk 1:30:09]} 5. c4 {[%clk 1:31:23]} Nc6 {[%clk 1:29:55]} 6. Qd3 {[%clk
1:30:43]} g6 {[%clk 1:27:01]} 7. Nc3 {[%clk 1:28:39]} Bg7 {[%clk 1:26:51]} 8.
Be3 {[%clk 1:26:26]} Nf6 {[%clk 1:23:34]} 9. h3 {[%clk 1:24:28]} O-O {[%clk
1:23:12]} 10. Be2 {[%clk 1:24:02]} Ne5 {[%clk 1:19:59]} 11. Nxe5 {[%clk
1:19:54]} dxe5 {[%clk 1:20:28]} 12. O-O {[%clk 1:11:06]} Qxd3 {[%clk 1:10:56]}
13. Bxd3 {[%clk 1:11:34]} e6 {[%clk 1:09:15]} 14. Rfd1 {[%clk 1:06:54]} Bd7
{[%clk 1:07:53]} 15. Bc5 {[%clk 1:05:12]} Rfc8 {[%clk 1:05:47]} 16. b4 {[%clk
1:02:37]} Bf8 {[%clk 1:02:08]} 17. Bxf8 {[%clk 1:02:55]} Kxf8 {[%clk 1:02:19]}
18. a4 {[%clk 1:00:55]} a5 {[%clk 0:58:35]} 19. Rdb1 {[%clk 0:52:39]} axb4
{[%clk 0:55:24]} 20. Rxb4 {[%clk 0:52:59]} Bc6 {[%clk 0:54:47]} 21. Kf1 {[%clk
0:48:50]} Ra5 {[%clk 0:50:59]} 22. Ke2 {[%clk 0:46:01]} Rca8 {[%clk 0:49:06]}
23. Ke3 {[%clk 0:43:08]} Nd7 {[%clk 0:46:31]} 24. Nb5 {[%clk 0:41:09]} Nc5
{[%clk 0:44:11]} 25. Bc2 {[%clk 0:41:23]} Ke7 {[%clk 0:42:55]} 26. g4 {[%clk
0:38:57]} h6 {[%clk 0:39:38]} 27. f3 {[%clk 0:35:41]} g5 {[%clk 0:34:02]} 28.
Ke2 {[%clk 0:28:20]} h5 {[%clk 0:30:23]} 29. Nc3 {[%clk 0:23:13]} Kf6 {[%clk
0:24:20]} 30. Ke3 {[%clk 0:21:00]} hxg4 {[%clk 0:22:08]} 31. hxg4 {[%clk
0:18:42]} Rh8 {[%clk 0:21:10]} 32. Rb6 {[%clk 0:13:38]} Rha8 {[%clk 0:18:03]}
33. Rb4 {[%clk 0:11:02]} Rh8 {[%clk 0:13:27]} 34. Rb6 {[%clk 0:10:21]} Rh2
{[%clk 0:12:43]} 35. Bd1 {[%clk 0:08:52]} Ke7 {[%clk 0:08:12]} 36. Rb4 {[%clk
0:06:53]} Na6 {[%clk 0:04:36]} 37. Rb3 {[%clk 0:03:48]} Nc5 {[%clk 0:03:16]}
38. Rb4 {[%clk 0:03:51]} Rh8 {[%clk 0:02:38]} 39. Bc2 {[%clk 0:03:44]} Rha8
{[%clk 0:02:04]} 40. Nb5 {[%clk 0:02:32]} Na6 {[%clk 0:00:37]} 41. Rbb1 {[%clk
0:30:22]} Nc5 {[%clk 0:27:15]} 42. Rb4 {[%clk 0:28:04]} Na6 {[%clk 0:27:09]}
1/2-1/2

[Event "DVM U14 2016"]
[Site "Düsseldorf GER"]
[Date "2016.12.29"]
[Round "5"]
[White "Foo, Tzun Hong"]
[Black "Sewald, Richard"]
[Result "1/2-1/2"]
[Termination "normal"]
[Board "1.4"]
[WhiteElo "1788"]
[BlackElo "1710"]
[WhiteClock "00:01:06"]
[BlackClock "00:03:00"]
[WhiteTeam "Hamburger SK"]
[BlackTeam "SG Porz"]
[PlyCount "71"]
[WhiteFideId "12974200"]
[BlackFideId "12983586"]
[EventCountry "GER"]
[EventRounds "7"]
[EventType "team-swiss"]
[EventDate "2016.12.26"]

1. e4 {[%clk 1:30:56]} c5 {[%clk 1:30:55]} 2. Nf3 {[%clk 1:31:15]} e6 {[%clk
1:31:09]} 3. d4 {[%clk 1:30:53]} cxd4 {[%clk 1:31:31]} 4. Nxd4 {[%clk 1:31:16]}
a6 {[%clk 1:31:51]} 5. Nc3 {[%clk 1:28:41]} Nc6 {[%clk 1:30:38]} 6. a3 {[%clk
1:26:34]} Nf6 {[%clk 1:28:46]} 7. Be2 {[%clk 1:25:23]} Qc7 {[%clk 1:26:21]} 8.
O-O {[%clk 1:24:41]} Be7 {[%clk 1:25:47]} 9. Be3 {[%clk 1:21:27]} O-O {[%clk
1:23:11]} 10. Kh1 {[%clk 1:13:50]} Rd8 {[%clk 1:16:51]} 11. f4 {[%clk 1:12:12]}
b5 {[%clk 1:08:55]} 12. e5 {[%clk 1:04:52]} Ne8 {[%clk 1:04:25]} 13. Bf3 {[%clk
0:56:49]} Bb7 {[%clk 0:58:33]} 14. Ne4 {[%clk 0:48:31]} d5 {[%clk 0:49:23]} 15.
Ng3 {[%clk 0:39:25]} g6 {[%clk 0:42:05]} 16. Rc1 {[%clk 0:33:31]} Rac8 {[%clk
0:40:08]} 17. c3 {[%clk 0:32:11]} Nxd4 {[%clk 0:32:55]} 18. Bxd4 {[%clk
0:26:54]} Bc5 {[%clk 0:28:21]} 19. Ne2 {[%clk 0:22:57]} Ng7 {[%clk 0:25:43]}
20. g4 {[%clk 0:17:22]} Kh8 {[%clk 0:24:03]} 21. a4 {[%clk 0:15:18]} Ra8 {[%clk
0:19:05]} 22. Qb3 {[%clk 0:14:16]} Bxd4 {[%clk 0:16:30]} 23. cxd4 {[%clk
0:12:57]} Qd7 {[%clk 0:16:34]} 24. Nc3 {[%clk 0:11:21]} Bc6 {[%clk 0:15:13]}
25. axb5 {[%clk 0:10:07]} Bxb5 {[%clk 0:15:13]} 26. Nxb5 {[%clk 0:09:33]} axb5
{[%clk 0:14:10]} 27. Rc5 {[%clk 0:08:59]} Rdb8 {[%clk 0:13:09]} 28. Be2 {[%clk
0:08:27]} b4 {[%clk 0:12:37]} 29. Rfc1 {[%clk 0:07:19]} Ne8 {[%clk 0:11:26]}
30. Qc2 {[%clk 0:06:13]} Kg8 {[%clk 0:10:27]} 31. Rc6 {[%clk 0:04:46]} Qa7
{[%clk 0:07:52]} 32. Rc5 {[%clk 0:01:59]} Qb6 {[%clk 0:06:33]} 33. Qd2 {[%clk
0:01:37]} Qa7 {[%clk 0:03:52]} 34. Rc6 {[%clk 0:01:07]} Qe7 {[%clk 0:03:14]}
35. R6c5 {[%clk 0:01:09]} Qa7 {[%clk 0:03:00]} 36. R5c2 {[%clk 0:01:06]}
1/2-1/2

[Event "DVM U14 2016"]
[Site "Düsseldorf GER"]
[Date "2016.12.29"]
[Round "5"]
[White "Pfreundt, Mathis"]
[Black "Chernykh, Arkady"]
[Result "1-0"]
[Termination "normal"]
[Board "2.1"]
[WhiteElo "1898"]
[BlackElo "1896"]
[WhiteClock "00:26:03"]
[BlackClock "00:24:43"]
[WhiteTeam "Königsspringer SC"]
[BlackTeam "Karlsruher SF"]
[PlyCount "91"]
[WhiteFideId "12967092"]
[BlackFideId "12989436"]
[EventCountry "GER"]
[EventRounds "7"]
[EventType "team-swiss"]
[EventDate "2016.12.26"]

1. d4 {[%clk 1:30:58]} Nf6 {[%clk 1:30:38]} 2. Nf3 {[%clk 1:31:22]} g6 {[%clk
1:30:58]} 3. g3 {[%clk 1:31:43]} Bg7 {[%clk 1:31:21]} 4. Bg2 {[%clk 1:32:01]}
O-O {[%clk 1:31:15]} 5. O-O {[%clk 1:32:24]} d6 {[%clk 1:27:44]} 6. c4 {[%clk
1:32:17]} Nc6 {[%clk 1:27:46]} 7. Nc3 {[%clk 1:32:37]} a6 {[%clk 1:28:11]} 8.
Qc2 {[%clk 1:15:35]} Bd7 {[%clk 1:23:24]} 9. e4 {[%clk 1:13:22]} Nh5 {[%clk
1:08:56]} 10. d5 {[%clk 1:05:00]} Nb4 {[%clk 1:04:32]} 11. Qe2 {[%clk 1:01:08]}
a5 {[%clk 1:04:04]} 12. Ne1 {[%clk 0:59:53]} Qc8 {[%clk 0:59:32]} 13. Be3
{[%clk 0:53:45]} e5 {[%clk 0:56:24]} 14. Bf3 {[%clk 0:45:52]} Bh3 {[%clk
0:45:44]} 15. Bg2 {[%clk 0:38:10]} Bxg2 {[%clk 0:37:52]} 16. Nxg2 {[%clk
0:38:06]} f5 {[%clk 0:37:58]} 17. exf5 {[%clk 0:36:36]} Qe8 {[%clk 0:23:30]}
18. fxg6 {[%clk 0:36:07]} hxg6 {[%clk 0:23:53]} 19. a3 {[%clk 0:35:05]} Na6
{[%clk 0:24:07]} 20. Ne4 {[%clk 0:34:59]} Bf6 {[%clk 0:13:32]} 21. Qg4 {[%clk
0:33:09]} Ng7 {[%clk 0:08:21]} 22. Bg5 {[%clk 0:30:24]} Bxg5 {[%clk 0:08:11]}
23. Nxg5 {[%clk 0:30:35]} Qe7 {[%clk 0:07:20]} 24. Nh4 {[%clk 0:30:04]} Rf6
{[%clk 0:07:05]} 25. Ne4 {[%clk 0:30:05]} Nc5 {[%clk 0:02:30]} 26. Nxf6+ {[%clk
0:30:23]} Qxf6 {[%clk 0:02:59]} 27. Qxg6 {[%clk 0:29:52]} Qxg6 {[%clk 0:02:30]}
28. Nxg6 {[%clk 0:30:18]} Nf5 {[%clk 0:02:51]} 29. h4 {[%clk 0:09:38]} Kh7
{[%clk 0:03:16]} 30. h5 {[%clk 0:10:02]} Rg8 {[%clk 0:02:49]} 31. g4 {[%clk
0:09:32]} Nd4 {[%clk 0:01:52]} 32. f3 {[%clk 0:07:43]} Nd3 {[%clk 0:01:32]} 33.
b4 {[%clk 0:04:09]} Ne2+ {[%clk 0:00:56]} 34. Kh2 {[%clk 0:04:33]} a4 {[%clk
0:01:24]} 35. Rad1 {[%clk 0:04:39]} Ndf4 {[%clk 0:00:51]} 36. Nxf4 {[%clk
0:05:04]} Nxf4 {[%clk 0:01:12]} 37. Rfe1 {[%clk 0:04:52]} Kh6 {[%clk 0:01:33]}
38. Re4 {[%clk 0:03:51]} Kg5 {[%clk 0:01:39]} 39. Kg3 {[%clk 0:03:42]} Rh8
{[%clk 0:01:38]} 40. Rd2 {[%clk 0:03:42]} Rh7 {[%clk 0:00:36]} 41. c5 {[%clk
0:29:07]} Rf7 {[%clk 0:29:33]} 42. Rc4 {[%clk 0:28:03]} c6 {[%clk 0:24:07]} 43.
dxc6 {[%clk 0:25:13]} d5 {[%clk 0:24:07]} 44. cxb7 {[%clk 0:25:37]} Rxb7 {[%clk
0:24:33]} 45. c6 {[%clk 0:25:53]} Rc7 {[%clk 0:24:43]} 46. Rc5 {[%clk 0:26:03]}
1-0

[Event "DVM U14 2016"]
[Site "Düsseldorf GER"]
[Date "2016.12.29"]
[Round "5"]
[White "Koll, Lukas"]
[Black "Kipke, Kevin"]
[Result "1/2-1/2"]
[Termination "normal"]
[Board "2.2"]
[WhiteElo "1821"]
[BlackElo "1623"]
[WhiteClock "00:11:52"]
[BlackClock "00:00:35"]
[WhiteTeam "Karlsruher SF"]
[BlackTeam "Königsspringer SC"]
[PlyCount "168"]
[WhiteFideId "12969737"]
[BlackFideId "12988332"]
[EventCountry "GER"]
[EventRounds "7"]
[EventType "team-swiss"]
[EventDate "2016.12.26"]

1. Nf3 {[%clk 1:30:57]} d5 {[%clk 1:30:50]} 2. g3 {[%clk 1:31:20]} Nf6 {[%clk
1:31:14]} 3. Bg2 {[%clk 1:31:25]} Bf5 {[%clk 1:31:29]} 4. O-O {[%clk 1:31:25]}
h6 {[%clk 1:30:51]} 5. c4 {[%clk 1:30:37]} e6 {[%clk 1:30:02]} 6. cxd5 {[%clk
1:29:13]} exd5 {[%clk 1:29:58]} 7. d4 {[%clk 1:28:22]} Bd6 {[%clk 1:28:35]} 8.
Nc3 {[%clk 1:26:53]} c6 {[%clk 1:27:53]} 9. Bd2 {[%clk 1:25:19]} Nbd7 {[%clk
1:26:38]} 10. Qc1 {[%clk 1:25:27]} O-O {[%clk 1:24:45]} 11. Bf4 {[%clk
1:25:17]} Qc7 {[%clk 1:21:40]} 12. Bxd6 {[%clk 1:23:00]} Qxd6 {[%clk 1:21:22]}
13. a3 {[%clk 1:19:07]} Ne4 {[%clk 1:18:36]} 14. Nd2 {[%clk 1:18:35]} Nxd2
{[%clk 1:14:48]} 15. Qxd2 {[%clk 1:18:58]} Rfe8 {[%clk 1:10:48]} 16. Rac1
{[%clk 1:14:05]} Nb6 {[%clk 1:08:31]} 17. e3 {[%clk 1:07:30]} Nc4 {[%clk
1:05:45]} 18. Qe2 {[%clk 1:07:45]} Qg6 {[%clk 1:05:42]} 19. e4 {[%clk 1:02:09]}
Be6 {[%clk 0:51:06]} 20. Qc2 {[%clk 0:53:28]} Nb6 {[%clk 0:40:06]} 21. exd5
{[%clk 0:51:05]} Qxc2 {[%clk 0:34:39]} 22. Rxc2 {[%clk 0:51:25]} cxd5 {[%clk
0:23:50]} 23. Re1 {[%clk 0:49:54]} a6 {[%clk 0:21:39]} 24. b3 {[%clk 0:46:50]}
Rac8 {[%clk 0:21:25]} 25. Rcc1 {[%clk 0:46:40]} Kf8 {[%clk 0:19:38]} 26. a4
{[%clk 0:44:17]} Red8 {[%clk 0:16:37]} 27. a5 {[%clk 0:43:16]} Na8 {[%clk
0:14:39]} 28. Na4 {[%clk 0:41:59]} Ke7 {[%clk 0:09:46]} 29. Rxc8 {[%clk
0:41:52]} Rxc8 {[%clk 0:10:00]} 30. Bxd5 {[%clk 0:42:11]} Nc7 {[%clk 0:03:49]}
31. Bxb7 {[%clk 0:39:17]} Rd8 {[%clk 0:04:12]} 32. Nc5 {[%clk 0:38:05]} Rxd4
{[%clk 0:02:26]} 33. Bxa6 {[%clk 0:38:14]} Nxa6 {[%clk 0:02:17]} 34. Nxa6
{[%clk 0:38:36]} Kd6 {[%clk 0:02:30]} 35. Rc1 {[%clk 0:35:40]} Bxb3 {[%clk
0:02:02]} 36. Nc7 {[%clk 0:34:37]} Rd1+ {[%clk 0:01:28]} 37. Rxd1+ {[%clk
0:34:52]} Bxd1 {[%clk 0:01:57]} 38. Ne8+ {[%clk 0:34:33]} Kc5 {[%clk 0:01:24]}
39. Nxg7 {[%clk 0:34:48]} Bf3 {[%clk 0:00:34]} 40. Nf5 {[%clk 0:32:04]} h5
{[%clk 0:00:31]} 41. Kf1 {[%clk 0:31:39]} Kb4 {[%clk 0:06:14]} 42. Nd6 {[%clk
1:00:57]} Bd5 {[%clk 0:04:11]} 43. a6 {[%clk 1:00:00]} Kc5 {[%clk 0:04:08]} 44.
Ne8 {[%clk 0:58:53]} Bc4+ {[%clk 0:03:36]} 45. Ke1 {[%clk 0:59:14]} Bxa6 {[%clk
0:02:25]} 46. Ng7 {[%clk 0:59:38]} h4 {[%clk 0:02:50]} 47. gxh4 {[%clk
1:00:00]} Kd6 {[%clk 0:01:59]} 48. Kd2 {[%clk 0:59:33]} Ke5 {[%clk 0:01:59]}
49. Ke3 {[%clk 0:59:45]} Kf6 {[%clk 0:02:15]} 50. Nh5+ {[%clk 0:58:40]} Kf5
{[%clk 0:01:47]} 51. Kf3 {[%clk 0:58:39]} Bb7+ {[%clk 0:02:15]} 52. Kg3 {[%clk
0:58:46]} Bd5 {[%clk 0:02:05]} 53. Nf4 {[%clk 0:58:17]} Bb3 {[%clk 0:01:33]}
54. f3 {[%clk 0:58:06]} Bc2 {[%clk 0:01:44]} 55. Ng2 {[%clk 0:58:16]} Bb3
{[%clk 0:01:34]} 56. Ne3+ {[%clk 0:58:16]} Kg6 {[%clk 0:01:54]} 57. Ng2 {[%clk
0:54:27]} Ba4 {[%clk 0:02:07]} 58. Nf4+ {[%clk 0:53:52]} Kf6 {[%clk 0:01:32]}
59. h5 {[%clk 0:50:23]} Bc2 {[%clk 0:01:28]} 60. Kh4 {[%clk 0:50:24]} Bd1
{[%clk 0:01:40]} 61. Kg4 {[%clk 0:49:41]} Kg7 {[%clk 0:01:41]} 62. Nd5 {[%clk
0:48:39]} Kh6 {[%clk 0:01:37]} 63. Ne3 {[%clk 0:47:53]} Be2 {[%clk 0:01:25]}
64. Nf5+ {[%clk 0:47:49]} Kh7 {[%clk 0:01:48]} 65. Nd4 {[%clk 0:48:03]} Bd1
{[%clk 0:01:58]} 66. Nb5 {[%clk 0:40:24]} Kh6 {[%clk 0:01:58]} 67. Nc3 {[%clk
0:40:28]} Bc2 {[%clk 0:01:59]} 68. f4 {[%clk 0:36:40]} f5+ {[%clk 0:02:00]} 69.
Kh4 {[%clk 0:37:06]} Bd3 {[%clk 0:02:26]} 70. Nd5 {[%clk 0:37:06]} Be2 {[%clk
0:02:28]} 71. Ne3 {[%clk 0:36:50]} Bd3 {[%clk 0:02:49]} 72. Nd5 {[%clk
0:32:37]} Be2 {[%clk 0:02:52]} 73. Nf6 {[%clk 0:30:02]} Bd3 {[%clk 0:02:03]}
74. Ng8+ {[%clk 0:28:44]} Kg7 {[%clk 0:02:16]} 75. Ne7 {[%clk 0:27:21]} Kh6
{[%clk 0:02:34]} 76. Nd5 {[%clk 0:21:37]} Be2 {[%clk 0:02:34]} 77. Nf6 {[%clk
0:21:18]} Bd3 {[%clk 0:02:58]} 78. h3 {[%clk 0:20:02]} Bc2 {[%clk 0:03:20]} 79.
Ng4+ {[%clk 0:19:00]} fxg4 {[%clk 0:00:42]} 80. hxg4 {[%clk 0:19:25]} Bd3
{[%clk 0:01:05]} 81. f5 {[%clk 0:18:23]} Kg7 {[%clk 0:00:51]} 82. Kg3 {[%clk
0:13:04]} Bc2 {[%clk 0:01:07]} 83. Kf4 {[%clk 0:13:31]} Bd3 {[%clk 0:01:28]}
84. g5 {[%clk 0:11:52]} Bc2 {[%clk 0:00:35]} *